Statistics for Countries With The Tallest Living People

Click here to take the quiz!

General Stats

  • This quiz has been taken 15 times
  • The average score is 22 of 50

Answer Stats

NamecmCountry% Correct
Sultan Kösen251Turkey
100%
Dharmendra Pratap Singh246India
87%
Yao Ming229China
80%
Yasutaka Okayama234Japan
80%
Joelison Fernandes da Silva238Brazil
73%
Rafael França do Nascimento235Brazil
73%
Bao Xishun236China
73%
Sun Mingming237China
73%
Nikolai Pankratov235Russia
73%
Kenny George231United States
73%
Zhang Juncai242China
67%
Jagdeep Singh229India
67%
Sergey Ilin229Russia
67%
Bob Wegner234United States
67%
George Bell234United States
67%
Brenden Adams234United States
60%
Broc Brown234United States
60%
Arshavir Grigoryan234Armenia
53%
Morteza Mehrzad246Iran
53%
Paul Sturgess233United Kingdom
53%
Oliver Rioux229Canada
47%
Ri Myung-Hun235North Korea
47%
Mamadou N'Diaye229Senegal
47%
Alain Delaunois230Belgium
40%
Asdrúbal Herrera Mora228Colombia
40%
Siddiqa Parveen233India
40%
Radhouane Charbib235Tunisia
40%
Jeison Rodríguez227Venezuela
40%
Asadulla Khan241India
33%
Abdramane Dembele234Ivory Coast
33%
Gheorghe Mureșan231Romania
33%
Martin Miklosik228Slovakia
33%
Bienvenu Letuni228DR Congo
27%
Afeez Agoro Oladimeji225Nigeria
27%
Zia Rasheed244Pakistan
27%
Malik Sidibe229Senegal
27%
Moussa Seck229Senegal
27%
Saad Kaiche229Algeria
20%
Brahim Takioullah246Morocco
20%
Naseer Soomro238Pakistan
20%
Tacko Fall229Senegal
20%
Kaliova Seleiwau234Fiji
13%
Shawn Bradley229Germany
13%
Robert Bobroczkyi231Romania
13%
Hussain Bisad233Somalia
13%
Aleksandar Rindin230Azerbaijan
7%
Sim Bhullar226Canada
7%
Suleman Abdul-Samed244Ghana
7%
Charles Sogli244Ghana
7%
Samuel Deguara226Malta
7%

Score Distribution

Percentile by Number Answered

Percent of People with Each Score

Your Score History

You have not taken this quiz